000 00580nam a2200229Ia 4500
005 20260320201513.0
008 008 262003s9999 xx 000 0 eng d
037 _aEBOOK
040 _aCRL
040 _beng
040 _cCRL
041 _2eng
041 _aeng
084 _qCRL
100 _aTherrien
_91135246
245 4 _aThe Media Snatcher: PC/CORE/TURBO/ENGINE/GRAFX/16/CDROM2/SUPER/DUO/ARCADE/RX
260 _bIEEE
856 _uhttps://ieeexplore.ieee.org/servlet/opac?bknumber=8844569
942 _cEBOOK
999 _c1721650
_d1721650